000 00354nam a2200133Ia 4500
008 240624s9999 xx 000 0 und d
041 _aeng
082 _a658.83 MAL
100 _aMALHOTRA NARESH K
245 _aREVIEW OF MARKETING RESEARCH
260 _c2006
_aNew Delhi
_bPrentice-Hall of India
300 _axii, : 336 : p. : cm. ; 24
365 _cRS
_b36
999 _c7582
_d7582